000 00733nam a2200229 a 4500
008
020 _a0408029382 (pbk.)
049 _aMAIN
090 _aQA76.9.D5
245 0 0 _aDistributed computer systems :
_btheory and practice /
_c[edited by] H. S .M. Zedan.
260 _aLondon :
_bButterworth,
_c1990.
300 _axiii, 305 p. :
_bill. ;
_c24 cm.
504 _aIncludes bibliographical references.
650 0 _aElectronic data processing
_xDistributed processing.
653 _aDistributed computer systems.
700 1 _aZedan, H. S. M.
907 _a.b10044917
_b30-09-03
_c17-04-03
003
005 20230123133430.0
040 _cNUST
942 _cBOOKS
_kQA76.9.D5
999 _c148492
_d148492